Loading...

Dhanushkoti /

Bibliographic Details
Main Author: Rajeevkumar
Language:Undetermined
Published: Kottayam : D C Books , 1999.
LEADER 00605nam a2200157Ia 4500
001 126770
008 170722s9999 xx 000 0 und d
020 |a 8171309798 
100 |a Rajeevkumar 
245 |a Dhanushkoti / 
260 |a Kottayam :  |b D C Books ,  |c 1999. 
300 |a 80 p. 
942 |c GEN 
999 |c 119998  |d 119998 
952 |0 0  |1 0  |4 0  |6 O_3231NRA113X_N9KRN91  |7 0  |9 169748  |a LIB  |b LIB  |d 2017-08-12  |o O32,31NRA113x N9(KR)-N9;1  |p 235501  |r 2017-08-12  |v 38.00  |w 2017-08-12  |y GEN 
952 |0 0  |1 0  |4 0  |6 O_3231NRA113X_N9KRN91  |7 0  |9 169749  |a LIB  |b LIB  |d 2017-08-12  |o O32,31NRA113x N9(KR)-N9;1  |p 235502  |r 2017-08-12  |v 38.00  |w 2017-08-12  |y GEN